000 00596nam a2200229Ia 4500
003 OSt
005 20221007075147.0
006 a|||||r|||| 00| 0
007 ta
008 221006b |||||||| |||| 00| 0 eng d
024 _a43,064
037 _cTextual
040 _aFLL
_cFLL
_beng
041 _2eng
_aeng
082 _aG:55:(Z), N9
100 _aAgarwal A. Ed.
_9693567
245 0 _aGreen
260 _aNew Delhi
_bCentre For Science and Environment India
_c1999
300 _a409p
_ccm.
942 _hG:55:(Z), N9
_cTEXL
_2CC
999 _c1155029
_d1155029